000 00650nam a2200157 a 4500
005 20260322212018.0
008 data
099 _aA/V 120
245 1 0 _aDigital Arizona State Hospital scrapbook
260 _aPhoenix, AZ
300 _b4 CD-ROMs
520 _aThis is a digital surrogate of a scrapbook formerly held at the Arizona State Hospital library. It includes high resolution JPGs of each page as well as a searchable PDF of the full book. The book primarily contains newspaper clippings related to the Arizona State Hospital from 1953-1958.
650 0 _aPsychiatric hospitals
_xHistory
650 0 _aMental health services
_xHistory
001 data
999 _c390
_d390